Vista normal Vista MARC

Entrada Topical Term

Número de registros utilizados en: 1

001 - CONTROL NUMBER

  • control field: 39554

003 - CONTROL NUMBER IDENTIFIER

  • control field: OSt

005 - DATE AND TIME OF LATEST TRANSACTION

  • control field: 20210823153211.0

008 - FIXED-LENGTH DATA ELEMENTS

  • fixed length control field: 210823|| aca||aabn | a|a d

040 ## - CATALOGING SOURCE

  • Original cataloging agency: OSt
  • Transcribing agency: OSt

150 ## - HEADING--TOPICAL TERM

  • Topical term or geographic name entry element: Empresas comerciales internacionales
  • Form subdivision: Finanzas

670 ## - SOURCE DATA FOUND

  • Source citation: Work cat.: (OSt)12239: Triffin, Robert, autor 16711, El sistema monetario internacional / , 1968.